000 02250cam a22005174i 4500
003 PE-LiUPU
005 20250731173115.0
008 190319s2018 xxu0 rb 001 0 eng d
020 _a1628372079
020 _a9781628372076
035 _a(Sirsi) a251976
040 _aPE-LiUPU
_bspa
_cPE-LiUPU
_erda
049 _aPRUA
082 0 4 _a203.20935
_bP4
_223
245 0 0 _aPerchance to dream :
_bdream divination in the Bible and the ancient Near East /
_ceditor Esther J. Hamori and Jonathan Stökl.
264 1 _aAtlanta :
_bSBL Press,
_c2018.
300 _axi, 220 páginas ;
_c23 centímetros.
336 _atext
_2rdacontent
337 _aunmediated
_2rdamedia
338 _avolume
_2rdacarrier
490 0 _aAncient Near East monographs ;
_vnumber 21
504 _aBibliografía al final de cada capítulo.
504 _aÍndice: páginas 207-220.
505 0 _aHorn and Ivory: Dreams as Portents in Ancient Mesopotamia and Beyond -- Portent Dreams in Hittite Anatolia -- When Even the Gods Do Not Know: El's Dream Divination in KTU 1.6 iii -- Maleness, Memory, and the Matter of Dream Divination in the Hebrew Bible -- Dreams in the Joseph Narrative -- Samuel's Theophany and the Politics of Religious Dreams -- Daniel and the "Prophetization" of Dream Divination -- Agency, Authority, and Scribal Innovation in Dream Narratives of the Aramaic Dead Sea Scrolls -- "All the Dreams Follow the Mouth": Dreamers and Interpreters in Rabbinic Literature.
526 _aSEG42
526 _aSEG41
526 _aSEG40
526 _aSEG39
526 _aP94
526 _aP87
526 _aP86
526 _aP85
526 _aP77
526 _aP76
526 _aP35
650 _aAdivinación.
_94350
650 _aSueños en la biblia.
700 1 _aHamori, Esther J.,
_eeditor.
700 1 _aStökl, Jonathan,
_eeditor.
910 _adbm
_bksl
_cksl
_d20190319
942 _2ddc
_cBOOK
994 _aC0
_bPEPRU
596 _a1
999 _a203.20935 P4
_wDEWEY
_c31236
_i80047
_f2021-11-9
_g3
_lCCODEBUL1
_mBUL
_p34.95
_r0
_sY
_tBOOK
_u2019-3-19
_xTEOLOGIA
_PP35
_0COMPRA
_o.STAFF. Colección Teología
_d31236
980 _81
_gALBERTO SANCHEZ Responsable de Automatización